| 000 | 00991nam a2200325 a 4500 | ||
|---|---|---|---|
| 001 | 200429473 | ||
| 999 |
_c200429473 _d47397 |
||
| 003 | TR-AnTOB | ||
| 005 | 20241121154018.0 | ||
| 007 | ta | ||
| 008 | 070308s1993 tu 000 0 tur d | ||
| 020 | _a9757696463 | ||
| 040 |
_aBGZ _cBGZ _beng _erda |
||
| 041 | 0 | _atur | |
| 049 | _aBGZA | ||
| 050 | 1 | 4 |
_aDR731 _b.D67 1993 |
| 090 | 4 |
_aDR731 _b.D67 1993 |
|
| 100 | 1 |
_aDosdoğru, M. Hulüsi _4author _9119724 |
|
| 245 | 1 | 0 |
_a6/7 Eylül olayları / _cM. Hulusi Dosdoğru. |
| 246 | 3 | 0 | _aAltı/yedi Eylül olayları |
| 264 |
_aİstanbul : _bBağlam Yayıncılık, _c1993. |
||
| 300 |
_a392 p. ; _c20 cm. |
||
| 336 |
_2rdacontent _atext |
||
| 337 |
_2rdamedia _aunmediated |
||
| 338 |
_2rdacarrier _avolume |
||
| 490 | 0 |
_aBağlam yayınları ; _v60. _aİnceleme-Araştırma ; _v26 |
|
| 651 | 0 |
_aTurkey _xEthnic relations _xHistory _y20th century _9111024 |
|
| 651 | 0 |
_aTürkiye _xEtnik ilişkiler _xTarih _y20. yüzyıl _9119725 |
|
| 942 |
_2lcc _cBK |
||